In the words of our enemies (Record no. 83112)
[ view plain ]
| 000 -LEADER | |
|---|---|
| fixed length control field | 01655nam a2200349 a 4500 |
| 082 04 - DEWEY DECIMAL CLASSIFICATION NUMBER | |
| Classification number | 327.73 |
| 100 1# - MAIN ENTRY--AUTHOR NAME | |
| Personal name | Babbin, Jed L. |
| 245 10 - TITLE STATEMENT | |
| Title | In the words of our enemies |
| 260 ## - PUBLICATION, DISTRIBUTION, ETC. (IMPRINT) | |
| Place of publication | Washington, DC : |
| Name of publisher | Regnery Pub., |
| Year of publication | c2007. |
| 300 ## - PHYSICAL DESCRIPTION | |
| Number of Pages | xiii, 274 p. |
| 505 0# - FORMATTED CONTENTS NOTE | |
| Formatted contents note | Before September 11 -- The hate factories -- The hate networks -- The hate networks aim at Iraq -- Iran : the central terrorist nation, long before September 11 -- The Taliban, Pakistan, and Southwest Asia -- Radical Islam aims at Turkey -- China : the emerging enemy -- Putin's Russia -- Kim Jong-il's North Korea -- Fidel Castro's Cuba -- Hugo Chavez : Castro on steroids. |
| 650 #0 - SUBJECT ADDED ENTRY--TOPICAL TERM | |
| Topical Term | War on Terrorism, 2001-2009. |
| Topical Term | Terrorism |
| 856 40 - ELECTRONIC LOCATION AND ACCESS | |
| Uniform Resource Identifier | http://site.ebrary.com/lib/rucke/Doc?id=10419519 |
No items available.
